000 00957nam a2200193Ia 4500
003 GCL
008 140319s9999 xx 000 0 ara d
040 _aGCL /
_cGCL
082 0 4 _aط
_b823.087
_bد ع
100 1 _aدار الشروق
245 1 0 _aعالم ديزني:الاميرة والاقزام السبعة-اليس في بلاد العجائب- بامبي- بيتربان- بينوكيو- دامبو الفيل الطائر- روبين هود- سندريلا- قطط ذوات- كتاب الادغال- بندق الملك ميداس- المخترع بندق جوتنبرج- الملك بندق توت عنخ امون- الموسيقار بندق بيتهوفن /
_cدار الشروق
260 _aالقاهرة :
_bدار الشرق
300 _aمتعدد ؛
_c32 سم
490 _aعالم ديزنى
_v0
650 0 4 _aقصص الاطفال
650 0 4 _aادب الاطفال
650 0 4 _aقصص المغامرات
942 _2ddc
_cBK
999 _c51124
_d51124